Normal view
MARC view
- Cachuela, Aimee Leigh O.
Entry Personal Name
001 - CONTROL NUMBER
- control field: 41249
003 - CONTROL NUMBER IDENTIFIER
- control field: OSt
005 - DATE AND TIME OF LATEST TRANSACTION
- control field: 20200123135532.0
008 - FIXED-LENGTH DATA ELEMENTS
- fixed length control field: 200123|| aca||aabn | a|a d
040 ## - CATALOGING SOURCE
- Original cataloging agency: OSt
- Transcribing agency: OSt
100 ## - HEADING--PERSONAL NAME
- Personal name: Cachuela, Aimee Leigh O.
670 ## - SOURCE DATA FOUND
- Source citation: Work cat.: (OSt): Cachuela, Aimee Leigh O., A Formative Assessment to Munting Paaralan Project of Anak ng UM Banner Program/, December 2019
